Cuentos de buenas noches para niñas rebeldes: 100 historias de mujeres extraordinarias /
Guardado en:
| Autor Principal: | |
|---|---|
| Formato: | Libro |
| Publicado: |
Buenos Aires,
Planeta.
2019 :
|
| Series: | Los Chicos no leen
|
| Materias: | |
| Etiquetas: |
Agregar Etiqueta
Sin Etiquetas, Sea el primero en etiquetar este registro!
|
| LEADER | 01189nam a22002055a 4500 | ||
|---|---|---|---|
| 001 | CEM.cems018731 | ||
| 008 | 130507b2019##################000#0#####d | ||
| 005 | 20220530153830.0 | ||
| 003 | CEMS | ||
| 245 | 1 | 0 | |a Cuentos de buenas noches para niñas rebeldes: 100 historias de mujeres extraordinarias / |c Elena Favilli; francesaca Cavallo. |
| 260 | |a Buenos Aires, |c 2019 : |b Planeta. | ||
| 300 | |a 224p. ; 24cm. | ||
| 490 | 0 | |a Los Chicos no leen | |
| 505 | 0 | |a Ada Lovelace -- Alek Wek -- Alfonsina Strada -- Alicia Alonso -- Ameenah Gurib - Kakim -- Amelia Earhart --Amna Al Haddad -- Ann Makosinski --Anna Politkovskaya -- Artemisa Gentileschi -- Ashley Fiolek -- Astrid Lindgren -- Aung San Suu Kyi -- Balkissa Chaibou -- Brenda Chapman -- Las hermanas Bronte -- Catalina La Grande -- Cholitas escaladoras -- Claudia Ruggerini -- Cleopatra -- Coco Chanel -- Cora Coralina -- Coy Mathis -- Euforosina Cruz -- Evita Peròn -- Frida Khalo | |
| 020 | |a 9789504958703 | ||
| 100 | 1 | |a Favilli, Elena | |
| 082 | 0 | 4 | |a 808.8 |
| 600 | 1 | 4 | |a 1- Favilli, Elena2- Cavallo, Francesca |
| 653 | |a Literatura juvenil / cuentos / mujeres / niñas rebeldes / | ||
| 859 | |a CEMS |b BIB. CEMS - Agricultura |h 808.8 |i F278 |p A3250.19 |t Ej.1 | ||
